Maestras Jardineras Compartiendo sus Experiencias Pedagógicas en Tiempos de Pandemia : (Record no. 22752)

000 -CABECERA
fixed length control field 01063nam a22002537i 4500
003 - IDENTIFICADOR DEL NÚMERO DE CONTROL
control field AR-CdUCM
008 - DATOS DE LONGITUD FIJA--INFORMACIÓN GENERAL
fixed length control field 240110b20202020pe ||||| |||| 00| 0 spa d
040 ## - FUENTE DE LA CATALOGACIÓN
Agencia/entidad que catalogó originalmente la obra MUNICIPALIDAD PROVINCIAL DEL CUSCO
Entidad que transcribió la catalogación BIBLIOTECA MUNICIPAL DEL CUSCO
082 ## - NÚMERO DE LA CLASIFICACIÓN DECIMAL DEWEY
No. de Clasificación 372.21098561 / G26
Notacion interna G26
100 ## - ENTRADA PRINCIPAL--NOMBRE DE PERSONA
Nombre Personal Garrido Ramos, Elsa
245 ## - MENCIÓN DE TÍTULO
Título Maestras Jardineras Compartiendo sus Experiencias Pedagógicas en Tiempos de Pandemia :
Resto del título Acompañando los sueños de nuestros hijos /
260 ## - PUBLICACIÓN, DISTRIBUCIÓN, ETC.
Lugar de publicación, distribución, etc. Cusco :
Nombre de la editorial, distribuidor, etc. GARABATO
Fecha de publicación, distribución, etc. 2020
300 ## - DESCRIPCIÓN FÍSICA
Nº de Páginas Extensión 134 páginas. :
Dimensiones 29 cm.
505 ## - NOTA DE CONTENIDO CON FORMATO
Nota de contenido formateada Monitoreo y acompañamiento pedagógico -- Crianza de animales domésticos -- Tiempos de yoga y aprendizaje en casa -- Rol de la docente Auxiliar -- Acompañamiento en el aprendizaje de los niños.
650 ## - PUNTO DE ACCESO ADICIONAL DE MATERIA--TÉRMINO DE MATERIA
Descriptor Monitoreo pedagógico
9 (RLIN) 49276
650 ## - PUNTO DE ACCESO ADICIONAL DE MATERIA--TÉRMINO DE MATERIA
Descriptor Acompañamiento
9 (RLIN) 49277
650 ## - PUNTO DE ACCESO ADICIONAL DE MATERIA--TÉRMINO DE MATERIA
Descriptor Enseñanza y aprendizaje
9 (RLIN) 9958
650 ## - PUNTO DE ACCESO ADICIONAL DE MATERIA--TÉRMINO DE MATERIA
Descriptor Títeres
9 (RLIN) 13473
650 ## - PUNTO DE ACCESO ADICIONAL DE MATERIA--TÉRMINO DE MATERIA
Descriptor Aprendo en casa
9 (RLIN) 49278
650 ## - PUNTO DE ACCESO ADICIONAL DE MATERIA--TÉRMINO DE MATERIA
Descriptor Docente auxiliar
9 (RLIN) 49279
942 ## - ELEMENTOS DE PUNTO DE ACCESO ADICIONAL (KOHA)
Fuente de clasificación
Tipo de item Libros-BMC
945 ## - PROCESAMIENTO DE INFORMACIÓN LOCAL (OCLC)
Catalogador pbj
AAAA-MM-DD - Fecha de ingreso o modificacion 10-01-2024
Holdings
Estado de retiro (separado) Fuente de clasificación o esquema de estanterías Estado dañado Ubicación Sala donde se ubica Nombre de la colección Fecha de adquisición o compra Fuente de adquisición Costo, precio normal en soles Signatura topográfica Código de Barras Última vez visto (Koha) Tipo de ítem (Koha)
No     Sala Humanidades Sala Humanidades Book Cart 2024-01-10 Depósito Legal 20.00 372.21098561 / G26 SH0000016572 2024-01-10 Libros-BMC

Powered by Koha